| 000 | 00697nam a2200217 u 4500 | ||
|---|---|---|---|
| 001 | 000652284 | ||
| 003 | AM-YeHGA | ||
| 005 | 20250618073431.0 | ||
| 008 | 090418s1986 ru |||||r|||||000|0|rus d | ||
| 040 | _aAM-YeHGA | ||
| 041 | 0 | _arus | |
| 100 | 1 |
_aԳրիգորյան, Արծվին Հայկի, _d1935- _91655 |
|
| 245 | 1 | 0 |
_aЛандшафт современного города / _cА.Г. Григорян. |
| 260 |
_aМосква : _bСтройиздат, _c1986. |
||
| 300 | _a136 с. | ||
| 504 | _aБиблиогр.: с. 133 - 134 (94 назв.) | ||
| 650 | 1 | 4 | _aАрхитектура |
| 653 | 2 | _aландшафт | |
| 653 | 2 | _aградостроительство | |
| 090 | _c236565 | ||
| 999 |
_c235002 _d235002 |
||